LEADER 03034nam2 22004333i 450 001 SUN0096053 005 20180423100411.47 010 $a978-88-214-3175-3$d0.00 100 $a20131111d2010 |0itac50 ba 101 $aita 102 $aIT 105 $a|||| ||||| 200 1 $a1: *Patologia generale$fRobbins e Cotran$gV. Kumar ... [et al.] 205 $a8. ed., ed. italiana$fa cura di Vincenzo Eusebi, con la collaborazione di Gavino Faa ... [et al.]$gillustrazioni di James A. Perkins 210 $aMilano$cElsevier Masson$d2010 215 $aXIV, 474, LXVIII p.$d29 cm. 461 1$1001SUN0096052$12001 $aˆLe ‰basi patologiche delle malattie$fRobbins e Cotran$gV. Kumar ... [et al.]$v1$1205 $a8. ed.$bed. italiana$fa cura di Vincenzo Eusebi, con la collaborazione di Gavino Faa ... [et al.]$gillustrazioni di James A. Perkins$1210 $aMilano$cElsevier Masson$d2010$1215 $a2 volumi$cill.$d29 cm. - Tit. orig.: Robbins and Cotran pathologic basis of disease. - Traduzione di vari. - In copertina: Sito Web, accesso online con contenuti extra (www.studentconsult.com). 620 $dMilano$3SUNL000284 676 $a616.07$cPatologia$v22 700 1$aRobbins$b, Stanley L.$3SUNV026437$067339 701 1$aCotran$b, Ramzi S.$3SUNV026438$067341 702 1$aEusebi$b, Vincenzo$3SUNV076502 702 1$aFaa$b, Gavino$3SUNV076503 702 1$aPerkins$b, James A.$3SUNV076504 712 $aElsevier$3SUNV000127$4650 790 1$aRobbins, S. L.$zRobbins, Stanley L.$3SUNV103366 790 1$aCotran, R. S.$zCotran, Ramzi S.$3SUNV103367 790 1$aPerkins, J. A.$zPerkins, James A.$3SUNV103368 801 $aIT$bSOL$c20200727$gRICA 856 4 $uhttps://books.google.it/books?id=AjX-Vbw6NCsC&printsec=frontcover&hl=it#v=onepage&q&f=false 912 $aSUN0096053 950 $aUFFICIO DI BIBLIOTECA DEL DIPARTIMENTO DI SCIENZE E TECNOLOGIE AMBIENTALI BIOLOGICHE E FARMACEUTICHE$d17PREST Ae50 $e17BIB1655 20131216 $sSottolineato 950 $aUFFICIO DI BIBLIOTECA DEL DIPARTIMENTO DI SCIENZE E TECNOLOGIE AMBIENTALI BIOLOGICHE E FARMACEUTICHE$d17PREST Ae48 $e17BIB1654 20131216 $sSottolineato 950 $aUFFICIO DI BIBLIOTECA DEL DIPARTIMENTO DI SCIENZE E TECNOLOGIE AMBIENTALI BIOLOGICHE E FARMACEUTICHE$d17CONS Ae46 $e17BIB1653 20140610 $sBuono 950 $aUFFICIO DI BIBLIOTECA DEI DIPARTIMENTI DI AREA MEDICA$d12CONS aule studio $e12 13808 20140418 950 $aUFFICIO DI BIBLIOTECA DEI DIPARTIMENTI DI AREA MEDICA$d12CONS Biblioteca $e12UBM19 20141120 950 $aUFFICIO DI BIBLIOTECA DEI DIPARTIMENTI DI AREA MEDICA$d12CONS Aula Studio $e12UBM68 20160114 996 $aPatologia generale$91014952 997 $aUNICAMPANIA LEADER 03391 am 2200613 n 450 001 9910418040603321 005 20200127 010 $a2-37924-112-0 024 7 $a10.4000/books.puv.6391 035 $a(CKB)4100000011301785 035 $a(FrMaCLE)OB-puv-6391 035 $a(oapen)https://directory.doabooks.org/handle/20.500.12854/52114 035 $a(PPN)248498304 035 $a(EXLCZ)994100000011301785 100 $a20200616j|||||||| ||| 0 101 0 $afre 135 $auu||||||m|||| 181 $ctxt$2rdacontent 182 $cc$2rdamedia 183 $acr$2rdacarrier 200 12$aL?Amour-fiction $eDiscours amoureux et poétique du roman à l?époque moderne /$fAlain Vaillant 210 $aSaint-Denis $cPresses universitaires de Vincennes$d2020 215 $a1 online resource (241 p.) 311 $a2-84292-121-6 330 $aIl n?est pas de roman d?amour, aussi invraisemblable soit-il, auquel ses personnages ni ses lecteurs n?accordent le pouvoir exorbitant de dire, le temps d?un « je vous aime », la vérité. Ainsi y aurait-il, entre le discours amoureux et la fiction chargée de l?accueillir, une étrange alliance contre-nature, comme si chacun avait besoin de l?autre pour exister. L?amour ne vaudrait, même précairement, que par la caution d?une littérature consacrée à le dire. Quant au roman, il s?est échappé de la troupe obscure des contes populaires ou enfantins parce qu?il a su faire entendre la parole, présumée sincère, du sentiment. Voilà que, sur le déclin des Lumières, un soupçon grandissant atteint le discours ? celui de l?amour comme de la littérature ou de la pensée ; l?écrivain n?est plus l?homme de la belle parole ? vraie, émouvante et efficace ? mais le fournisseur de livres qu?on attend désormais de lui. C?est en ce temps de crise que, pourtant, plus que jamais, les plus grands faiseurs de romans s?évertuent à dire l?amour ; comme s?ils savaient, confusément, que, au-delà du discours amoureux, c?est une certaine idée de la littérature qui est en jeu, à laquelle ils ne voudraient renoncer à aucun prix. Cette obstination exige d?extraordinaires entreprises littéraires. Laclos, Diderot, Stendhal, Balzac, Flaubert, Hugo, Fromentin, Zola, Proust... Autant d?écrivains et d??uvres qui, par le lien toujours réaffirmé entre la fiction et le discours amoureux, balisent une histoire du roman dont la plus belle page a été tournée, peut-être à l?aube du XXe siècle, avec La Recherche du temps perdu. 606 $aLiterature, Romance 606 $aroman 606 $afiction 606 $alittérature 606 $aamour 606 $aessai 606 $adix-neuvième siècle 606 $adiscours amoureux 610 $adix-neuvième siècle 610 $afiction 610 $aroman 610 $alittérature 610 $aessai 610 $aamour 610 $adiscours amoureux 615 4$aLiterature, Romance 615 4$aroman 615 4$afiction 615 4$alittérature 615 4$aamour 615 4$aessai 615 4$adix-neuvième siècle 615 4$adiscours amoureux 700 $aVaillant$b Alain$0165429 801 0$bFR-FrMaCLE 906 $aBOOK 912 $a9910418040603321 996 $aL?Amour-fiction$93034073 997 $aUNINA LEADER 02345nam 2200529Ia 450 001 9910699582703321 005 20230902161632.0 035 $a(CKB)5470000002403096 035 $a(OCoLC)686780382 035 $a(EXLCZ)995470000002403096 100 $a20101129d2010 ua 0 101 0 $aeng 135 $aurmn||||||||| 181 $ctxt$2rdacontent 182 $cc$2rdamedia 183 $acr$2rdacarrier 200 10$aAssessment of marginal production in the Gulf of Mexico and lost production from early decommissioning$b[electronic resource] /$fMark J. Kaiser, Yunke Yu, Allan G. Pulsipher ; Louisiana State University, Center for Energy Studies 210 1$aNew Orleans, La. :$cU.S. Dept. of the Interior, Minerals Management Service, Gulf of Mexico OCS Region,$d[2010] 215 $a1 online resource (xxi, 194 pages) $ccolor illustrations, color maps 225 1 $aOCS study 300 $aTitle from title screen (viewed on Nov. 29, 2010). 300 $a"April 2010." 300 $a"Prepared under MMS contract 1435-01-04-CA-32806-39902 (M08AC12864)." 300 $a"MMS 2010-007." 320 $aIncludes bibliographical references (pages 67-69). 410 0$aOCS study. 606 $aOffshore oil industry$xEconomic aspects$zGulf States 606 $aOffshore oil industry$xEconomic aspects$zGulf Coast (U.S.) 606 $aOffshore gas industry$xEconomic aspects$zGulf States 606 $aOffshore gas industry$xEconomic aspects$zGulf Coast (U.S.) 607 $aGulf States$xEconomic conditions 607 $aGulf Coast (U.S.)$xEconomic conditions 615 0$aOffshore oil industry$xEconomic aspects 615 0$aOffshore oil industry$xEconomic aspects 615 0$aOffshore gas industry$xEconomic aspects 615 0$aOffshore gas industry$xEconomic aspects 700 $aKaiser$b Mark J$0771726 701 $aYu$b Yunke$01410983 701 $aPulsipher$b Allan G$01403509 712 02$aLouisiana State University (Baton Rouge, La.).$bCenter for Energy Studies. 712 02$aUnited States.$bMinerals Management Service.$bGulf of Mexico OCS Region. 801 0$bGPO 801 1$bGPO 906 $aBOOK 912 $a9910699582703321 996 $aAssessment of marginal production in the Gulf of Mexico and lost production from early decommissioning$93501006 997 $aUNINA